000 00913nam a22002777a 4500
003 CHAP
005 20220329140256.0
008 971013s1975 r 00010 d
010 _a49611
011 _a50583
035 _a54733
040 _cCHAP
090 _aFolleto 11902
100 0 0 _aVillafuerte y H., Fidel de Jesús.
_9119393
245 _aDistrito de riego numero 20
_b: Morelia y Querétaro y su rehabilitación
260 _aMorelia, Mich. :
_bDirección General de Distritos de Riego,
_c1975
300 _a11 p.
590 _aBATCH-UPD
_b10
_c20130110
_lUCH01
_h0806
590 _aBATCH-UPD
_b10
_c20130410
_lUCH01
_h0444
590 _aBATCH-UPD
_b10
_c20130914
_lUCH01
_h1737
590 _aCONVERSION
_b10
_c20130109
_lUCH01
_h1327
650 1 4 _aDistrito de Riego Morelia y Queréndaro, Mich.
_932904
901 _aBK
942 _cFOLL
949 _aFolleto 11902
_bBC
_cFOLL
_d-120575
_eTS1
_i54733
_mD
_si
999 _c49611
_d49611